Halsey Lyric Quiz - Statistics

General Stats
  • This quiz has been taken 1,242 times
  • The average score is 12 of 15
Answer Stats
Lyrics Song % Correct
'You're ripped at every edge but you're a masterpiece' Colors
94%
'Young James Dean, some say he looks just like his father' New Americana
94%
'Do the people whisper 'bout you on the train like me?' Gasoline
89%
'I like the sad eyes, bad guys, mouth full of white lies' Ghost
88%
'Tired of all these cameras flashing, sick of being poised' Castle
85%
'God damn right you should be scared of me' Control
85%
'Don't belong to no city, Don't belong to no man' Hurricane
85%
'I'm the king and you're the queen and we will stumble through heaven' Young God
81%
'Would it really kill you if we kissed?' Drive
77%
'That's the beauty of a secret, you know you're supposed to keep it' Strange Love
72%
'Cause I've done some things that I can't speak' Haunting
70%
'Cause he's off to pay his crimes and he's got no time for mine' Coming Down
66%
'I'm sorry but I fell in love tonight' Is There Somewhere
65%
'Cross your sorry heart and hope to die for me?' Trouble
62%
'We're the underdogs in this world alone' Empty Gold
56%
No matching quizzes found
Score Distribution
Percent of People with Each Score
Percentile by Number Answered
Your Score History
You have not taken this quiz